00426nam a2200145 a 450000500170000000800410001705000180005810000300007624500700010625000210017626000350019752000060023265000220023865000200026020140414131902.0100920s19uu xx 00 eng d aFICbF95 2007 aFunke, Cornelia Caroline. aGhosthunters and the muddy monster of doom! /cby Cornelia Funke. a1st American ed. aNew York :bScholastic,c2007. a  aGhosts --Fiction. aFire --Fiction.